| 000 | 05051namaa22004451i 4500 | ||
|---|---|---|---|
| 003 | EG-GICUC | ||
| 005 | 20260510134205.0 | ||
| 008 | 260510s2025 ua a|||frm||| 000 0 eng d | ||
| 040 |
_aEG-GICUC _beng _cEG-GICUC _dEG-GICUC _erda |
||
| 041 | 0 |
_aeng _beng _bara |
|
| 049 | _aDeposit | ||
| 082 | 0 | 4 | _a621.815 |
| 092 |
_a621.815 _221 |
||
| 097 | _aM.Sc | ||
| 099 | _aCai01.13.13.M.Sc.2025.Ab.A | ||
| 100 | 0 |
_aAbdellattief Adel Abdellattief Mohamed, _epreparation. |
|
| 245 | 1 | 0 |
_aAdditive manufacturing of polylactic acid (PLA) cellular scaffolds for bone tissue engineering applications / _cby Abdellattief Adel Abdellattief Mohamed ; Supervisors Prof. Mahmoud A. Adly, Prof. Reham Reda Abbas, Prof. Abdallah Abdelfattah Mohamed. |
| 246 | 1 | 5 | _aالتصنيع بالإضافة للهياكل الخلوية المصنوعة من حمض البولي لاكتيك لتطبيقات هندسة أنسجة العظام |
| 264 | 0 | _c2025. | |
| 300 |
_a56 pages : _billustrations ; _c30 cm. + _eCD. |
||
| 336 |
_atext _2rda content |
||
| 337 |
_aUnmediated _2rdamedia |
||
| 338 |
_avolume _2rdacarrier |
||
| 502 | _aThesis (Ph.D)-Cairo University, 2025. | ||
| 504 | _aBibliography: pages 47-51. | ||
| 520 | 3 | _aCellular materials are widely used in medical applications. The structure of cellular materials influences the scaffold’s performance in these applications. This work studied the effect of unit cell type and unit cell size on additively manufactured cellular materials' performance for bone tissue engineering applications. The thesis consists of four chapters. After the introduction in Chapter 1, Chapter 2 reviews the additive manufacturing technique, biomaterials, and scaffolds, and how they are utilized in tissue engineering applications. Chapter 3 introduces the experimental work on additively manufactured scaffolds, the characterization methods, and parameters to answer the research question: (What is the effect of unit cell type and unit cell size on the performance of additively manufactured PLA cellular scaffolds via fused filament fabrication method for bone tissue engineering applications?). The results discussed in Chapter 4 reveal that unit cell type and size influence scaffold properties, showing a preference for gyroid structures. Chapter 5 provides conclusions and recommendations based on the provided results and discussions. | |
| 520 | 3 | _aتُستخدم المواد الخلوية على نطاق واسع في التطبيقات الطبية. هيكل المواد الخلوية يؤثر على أداء الدعامة في هذه التطبيقات. درست هذه الدراسة تأثير نوع وحدة بناء الهيكل الخلوي وحجم الخلية الواحدة على أداء المواد الخلوية المصنعة بالإضافة في تطبيقات هندسة الأنسجة العظمية. تتكون هذه الأطروحة من خمسة فصول. بعد المقدمة في الفصل الأول، يستعرض الفصل الثاني تقنية التصنيع بالإضافة، والمواد الحيوية، والهياكل المسامية وكيفية توظيفهم في تطبيقات هندسة الأنسجة. يقدم الفصل الثالث العمل التجريبي على الهياكل المسامية المصنعة بالإضافة، وطرق وخصائص التوصيف بهدف الإجابة عن سؤال البحث: ما هو تأثير نوع الخلية البنائية وحجمها على أداء الهياكل المسامية المصنوعة من حمض البولي لاكتيك بطريقة التشكيل بالخيوط المنصهرة.لتطبيقات هندسة العظام؟. تكشف النتائج التي نوقشت في الفصل الرابع أن نوع الخلية الواحدة وحجمها يؤثران على خصائص الهياكل المسامية، مع إظهار تفضيل للخلية من نوع الجايرويد. أما الفصل الخامس فيقدم الاستنتاجات والتوصيات بناءً على النتائج والمناقشات المطروحة. | |
| 530 | _aIssues also as CD. | ||
| 546 | _aText in English and abstract in Arabic & English. | ||
| 650 | 0 | _aMachine design | |
| 650 | 0 | _aهندسة التصميم الميكانيكي | |
| 653 | 1 |
_aAdditive manufacturing (AM) _aFused filament fabrication (FFF) _aPolylactic acid (PLA) _aBone scaffolds _aCellular lattice material _aالتصنيع بالاضافة، _aالنمذجة بالترسيب المنصهر |
|
| 700 | 0 |
_aMahmoud A. Adly _ethesis advisor. |
|
| 700 | 0 |
_a Reham Reda Abbas _ethesis advisor. |
|
| 700 | 0 |
_aAbdallah Abdelfattah Mohamed _ethesis advisor. |
|
| 900 |
_b01-01-2025. _cMahmoud A. Adly _cReham Reda Abbas _cAbdallah Abdelfattah Mohamed _UCairo University _FFaculty of Engineering _DDepartment of Mechanical Design and Production Engineering |
||
| 905 | _aShimaa | ||
| 942 |
_2ddc _cTH _e21 _n0 |
||
| 999 | _c180077 | ||